| 000 | 01059cam a2200325 i 4500 | ||
|---|---|---|---|
| 001 | 200442173 | ||
| 003 | TR-AnTOB | ||
| 005 | 20241111150533.0 | ||
| 007 | ta | ||
| 008 | 180917s1948 enka 001 0 eng d | ||
| 040 |
_aCOF _beng _erda _cITU _dITU _dTR-AnTOB |
||
| 041 | 0 | _aeng | |
| 050 | 0 | 0 |
_aTC978.G7 _bG35 1948 |
| 090 |
_aTOBBK TC978.G7 _bG35 1948 |
||
| 100 | 1 |
_aGale, Stanley D., _d1953- _eauthor _9131585 |
|
| 245 | 1 | 0 |
_aDrainage of land, estates and buildings : _ba practical book on the design and construction of drainage works ... / _cby Stanley Gale. |
| 264 | 1 |
_aLondon : _bChapman & Hall, _c1948. |
|
| 300 |
_aviii, 248 pages : _billustrations, tables, plan ; _c24 cm |
||
| 336 |
_atext _btxt _2rdacontent |
||
| 337 |
_aunmediated _bn _2rdamedia |
||
| 338 |
_avolume _bnc _2rdacarrier |
||
| 530 | _aSert kapak. | ||
| 650 | 0 |
_aDrainage _zGreat Britain. |
|
| 650 | 0 | _aDrainage, House. | |
| 650 | 0 | _aSewerage. | |
| 650 | 7 |
_aSulama _2etuturkob _9113626 |
|
| 942 |
_2z _cBK |
||
| 999 |
_c200442173 _d60385 |
||